| 000 | 02073nam0a2200385 4500 | ||
|---|---|---|---|
| 001 | RU\NLR\BIBL_A\022368441 | ||
| 005 | 20260420020730.0 | ||
| 010 |
_a978-5-907722-85-9 _930 |
||
| 021 |
_aRU _bКН-П-24-056427 _9КН-П-24-5624 |
||
| 035 | _a(NLR Aleph) 022368441 | ||
| 090 |
_a13668794 _c13668794 |
||
| 100 | _a20241031d2024 u y0rusy50 ca | ||
| 101 | 0 | _arus | |
| 102 | _aRU | ||
| 105 | _aa j 000yy | ||
| 181 | 0 |
_ai3 _baxxe |
|
| 182 | 0 | _an | |
| 200 | 1 |
_aЗадачник по программированию для математиков _fМинистерство науки и высшего образования Российской Федерации, Томский государственный университет _gсоставители: В. Н. Берцун [и др.] _gпод редакцией д-ра физ.-мат. наук А. В. Старченко |
|
| 203 |
_aТекст _bвизуальный _cнепосредственный |
||
| 205 | _aИзд. 3-е., испр. и доп. | ||
| 210 |
_aТомск _cИзд-во Томского университета _d2024 |
||
| 215 |
_a435 с. _cил., табл. _d21 |
||
| 313 | _a1 изд. нет. Язык программирования С/С++. | ||
| 320 | _aБиблиогр.: с. 430-432 (47 назв.) | ||
| 606 | 1 |
_aC, язык программирования _jЗадачники _91672093 _3RU\NLR\AUTH\661040545 |
|
| 606 | 1 |
_aC++, язык программирования _jЗадачники _92072018 _3RU\NLR\AUTH\661246828 |
|
| 686 | 1 | _aЗ973.2-018.1 | |
| 702 | 1 |
_aБерцун _bВ. Н. _gВладимир Николаевич _4220 |
|
| 702 | 1 |
_4340 _7ca _8rus _aСтарченко _bА. В. _cд-р физ.-мат. наук _gАлександр Васильевич _9161474 _3RU\NLR\AUTH\770161518 |
|
| 712 | 0 | 2 |
_4475 _aТомский государственный университет _9583895 _3RU\NLR\AUTH\8810042245 |
| 942 | _cBOOK | ||
| 980 | _aNB | ||